UEFA Europa League: 10+ Goal Contributions (2000-) - Statistics

General Stats
  • This quiz has been taken 21 times
  • The average score is 91 of 239
Answer Stats
Ranking Player Positions Nationality Matches Goals (assists) Periods Clubs % Correct
7 Alexandre Lacazette FW 58 26 (5) 2012-2013, 2016-2020, 2024-2025
93%
1 Bruno Fernandes MF, FW 58 27 (21) 2017-2020, 2022-2023, 2024-2025
93%
6 Edin Džeko FW 52 24 (9) 2009-2011, 2016-2017, 2019-2020, 2024-2025
93%
31 Henrikh Mkhitaryan MF, FW 55 10 (11) 2015-2021
93%
70 Manuel Fernandes MF 32 9 (7) 2009-2010, 2011-2012, 2015-2016, 2017-2018, 2019-2020
93%
2 Pierre-Emerick Aubameyang MF, FW 62 34 (6) 2009-2010, 2015-2016, 2018-2021, 2023-2024
93%
4 Dries Mertens MF, FW 73 18 (17) 2010-2015, 2017-2018, 2020-2021, 2023-2025
87%
42 Mohamed Salah MF, FW 37 10 (9) 2012-2013, 2014-2015, 2016-2017, 2023-2024
87%
25 Olivier Giroud FW 25 15 (7) 2017-2018, 2023-2024
87%
19 Pedro MF, FW 51 13 (10) 2018-2019, 2020-2022, 2024-2025
87%
134 André Silva FW 31 9 (3) 2017-2019, 2021-2022
80%
109 Arkadiusz Milik FW 26 10 (3) 2012-2013, 2014-2015, 2018-2019, 2021-2023
80%
30 Christian Eriksen MF, FW 55 10 (11) 2009-2016, 2019-2020, 2022-2023, 2024-2025
80%
23 Ciro Immobile FW 35 16 (6) 2017-2019, 2021-2022, 2024-2025
80%
131 Darwin Núñez MF, FW 17 10 (2) 2020-2021, 2023-2024
80%
232 David Silva MF, FW 33 4 (6) 2009-2011, 2020-2023
80%
89 Iñaki Williams MF, FW 38 12 (2) 2014-2017, 2024-2025
80%
21 Luuk de Jong FW 48 17 (5) 2009-2012, 2014-2015, 2019-2020, 2021-2023
80%
34 Marcus Rashford MF, FW 42 14 (6) 2015-2016, 2019-2020, 2022-2023, 2024-2025
80%
82 Memphis MF, FW 35 10 (5) 2012-2017, 2021-2022
80%
106 Mesut Özil MF, FW 29 3 (11) 2009-2010, 2017-2019, 2021-2022
80%
3 Radamel Falcao FW 31 30 (5) 2010-2013
80%
41 Rafa Silva MF, FW 41 10 (9) 2015-2016, 2018-2020, 2023-2025
80%
5 Romelu Lukaku FW 46 27 (7) 2009-2010, 2014-2015, 2019-2020, 2023-2024
80%
84 Son Heung-min MF, FW 26 9 (6) 2015-2016, 2020-2021, 2024-2025
80%
158 Victor Osimhen FW 15 10 (1) 2020-2021, 2024-2025
80%
52 Ángel Di María MF, FW 25 11 (7) 2009-2010, 2022-2024
73%
50 Bertrand Traoré MF, FW 32 11 (7) 2016-2017, 2024-2025
73%
67 Cody Gakpo MF, FW 25 10 (6) 2019-2024
73%
187 Eden Hazard MF, FW 31 5 (6) 2009-2010, 2012-2013, 2018-2019
73%
29 Edinson Cavani MF, FW 20 18 (3) 2010-2011, 2012-2013, 2020-2021
73%
33 Fernando Llorente FW 36 16 (4) 2009-2010, 2011-2013, 2015-2016
73%
49 Gonzalo Higuaín MF, FW 29 12 (6) 2013-2015, 2018-2019
73%
184 Granit Xhaka DF, MF 63 5 (6) 2010-2011, 2012-2013, 2014-2015, 2017-2020, 2022-2024
73%
61 Harry Kane FW 31 11 (5) 2011-2012, 2013-2016, 2020-2021
73%
18 Juan Mata MF, FW 50 10 (14) 2009-2010, 2012-2013, 2015-2016, 2019-2021
73%
98 Nicolas Pépé MF, FW 19 8 (6) 2019-2021
73%
135 Paulo Dybala MF, FW 31 9 (3) 2022-2025
73%
87 Willian MF, FW 39 4 (11) 2009-2010, 2012-2013, 2018-2019, 2020-2021, 2024-2025
73%
14 Andriy Yarmolenko MF, FW 49 15 (9) 2010-2014, 2021-2022, 2024-2025
67%
8 Aritz Aduriz FW 39 26 (5) 2011-2012, 2014-2018
67%
152 Bukayo Saka DF, MF, FW 25 5 (7) 2018-2020, 2022-2023
67%
180 Dušan Tadić MF, FW 33 6 (5) 2012-2013, 2016-2017, 2019-2020, 2022-2023, 2024-2025
67%
126 Fernando Torres FW 21 12 (0) 2009-2010, 2012-2013, 2017-2018
67%
36 Filip Kostić DF, MF, FW 46 9 (11) 2018-2019, 2021-2022, 2024-2025
67%
16 Florian Wirtz MF, FW 33 12 (12) 2019-2024
67%
13 Gerard Moreno MF, FW 35 16 (8) 2014-2015, 2018-2019, 2020-2021, 2023-2024
67%
66 Hulk MF, FW 26 10 (6) 2010-2012, 2014-2015
67%
40 James Tavernier DF 59 10 (9) 2012-2013, 2018-2021, 2023-2025
67%
83 Leon Bailey DF, MF, FW 27 10 (5) 2016-2017, 2018-2021
67%
101 Lorenzo Insigne MF, FW 39 6 (8) 2012-2015, 2017-2018, 2020-2022
67%
68 Marek Hamšík MF 42 9 (7) 2010-2011, 2012-2015, 2017-2018, 2022-2023
67%
108 Mikel Oyarzabal MF, FW 33 10 (3) 2017-2018, 2020-2022, 2024-2025
67%
51 Nabil Fekir MF, FW 31 11 (7) 2013-2014, 2016-2017, 2021-2024
67%
95 Sergio Agüero FW 16 9 (5) 2009-2012
67%
80 Victor Boniface FW 18 11 (4) 2022-2024
67%
123 Youssef En-Nesyri FW 31 12 (0) 2019-2020, 2021-2022, 2024-2025
67%
166 Andrej Kramarić MF, FW 27 8 (3) 2009-2010, 2013-2014, 2017-2018, 2020-2021, 2024-2025
60%
11 Carlos Bacca FW 55 19 (6) 2012-2014, 2017-2018, 2020-2021
60%
93 Daichi Kamada MF, FW 23 11 (3) 2019-2020, 2021-2022
60%
57 Érik Lamela MF, FW 35 11 (6) 2013-2015, 2020-2021, 2022-2023
60%
116 Felipe Anderson MF, FW 33 8 (5) 2013-2014, 2015-2016, 2017-2018, 2021-2023
60%
191 Fred MF, FW 43 4 (7) 2013-2014, 2016-2017, 2019-2020, 2022-2023, 2024-2025
60%
188 Hakan Çalhanoğlu MF, FW 23 5 (6) 2015-2016, 2017-2018, 2020-2021
60%
71 José Callejón MF, FW 32 7 (9) 2013-2015, 2017-2019
60%
145 Kai Havertz MF, FW 11 7 (5) 2018-2020
60%
153 Kerem Demirbay MF 34 4 (8) 2017-2018, 2019-2025
60%
10 Kévin Gameiro FW 51 22 (6) 2011-2012, 2013-2015, 2017-2019
60%
45 Klaas-Jan Huntelaar FW 24 14 (4) 2011-2012, 2015-2016, 2019-2020
60%
105 Luis Alberto MF, FW 30 3 (11) 2017-2019, 2021-2023
60%
128 Luka Jović MF, FW 17 11 (1) 2018-2019, 2023-2024
60%
127 Mario Balotelli FW 21 11 (1) 2010-2011, 2014-2015, 2016-2018
60%
149 Mario Götze MF, FW 27 6 (6) 2010-2011, 2017-2018, 2020-2021, 2024-2025
60%
9 Moanes Dabbur MF, FW 49 24 (5) 2011-2012, 2013-2014, 2016-2021
60%
137 Claudio Pizarro FW 8 9 (3) 2009-2010
53%
194 Denis Suárez MF, FW 25 4 (7) 2014-2015, 2018-2019, 2023-2024
53%
22 Giuseppe Rossi FW 32 17 (5) 2009-2010, 2013-2014, 2015-2017
53%
102 James Maddison MF, FW 22 6 (8) 2020-2021, 2024-2025
53%
62 Josip Iličić MF, FW 30 11 (5) 2013-2018
53%
73 Kevin Kampl MF 29 6 (10) 2010-2011, 2013-2014, 2017-2018, 2021-2022
53%
17 Lorenzo Pellegrini MF 53 11 (13) 2016-2017, 2019-2020, 2022-2025
53%
111 Marcus Berg FW 32 9 (4) 2009-2010, 2014-2015, 2016-2017, 2019-2021
53%
107 Matías Suárez MF, FW 33 10 (3) 2009-2011, 2015-2016
53%
26 Moussa Diaby DF, MF, FW 28 12 (10) 2019-2023
53%
217 Paul Pogba MF, FW 36 6 (4) 2011-2012, 2013-2014, 2016-2017, 2019-2020, 2022-2023
53%
69 Ricardo Quaresma MF, FW 33 9 (7) 2010-2011, 2013-2014, 2015-2016, 2018-2019
53%
81 Roberto Soldado FW 42 10 (5) 2011-2012, 2013-2016, 2020-2021
53%
170 Ruben Loftus-Cheek DF, MF, FW 17 8 (3) 2018-2019, 2023-2024
53%
125 Wissam Ben Yedder MF, FW 23 12 (0) 2018-2019, 2021-2023
53%
114 Yevhen Konoplyanka MF, FW 52 8 (5) 2012-2016, 2019-2021
53%
190 Daniel Parejo MF 48 4 (7) 2010-2011, 2013-2014, 2015-2016, 2018-2019, 2020-2021, 2023-2024
47%
121 Dimitri Payet MF, FW 21 6 (7) 2017-2018, 2021-2022
47%
32 Galeno DF, MF, FW 33 10 (11) 2019-2021, 2024-2025
47%
150 Gareth Bale MF, FW 19 6 (6) 2011-2012, 2020-2021
47%
63 Karl Toko Ekambi MF, FW 19 11 (5) 2018-2019, 2021-2023
47%
147 Matías Fernández MF 42 6 (6) 2009-2011, 2013-2016
47%
223 Mauro Icardi FW 19 6 (4) 2014-2015, 2016-2017, 2023-2025
47%
39 Nikola Kalinić FW 44 13 (6) 2012-2017, 2019-2020
47%
76 Paco Alcácer FW 23 13 (2) 2013-2014, 2015-2016, 2020-2021
47%
78 Rodrigo Palacio MF, FW 20 12 (3) 2009-2010, 2012-2013, 2014-2015, 2016-2017
47%
141 Sergej Milinković-Savić MF 38 7 (5) 2015-2016, 2017-2019, 2021-2023
47%
237 Takefusa Kubo MF, FW 23 3 (7) 2020-2021, 2022-2023, 2024-2025
47%
210 Alexander Sørloth FW 23 7 (3) 2019-2020, 2021-2024
40%
24 Alfredo Morelos FW 33 15 (7) 2018-2022
40%
182 Artem Dzyuba FW 25 6 (5) 2010-2011, 2016-2018, 2021-2022
40%
115 Bruma MF, FW 34 8 (5) 2017-2021, 2023-2025
40%
124 Cédric Bakambu FW 25 12 (0) 2015-2018
40%
156 Diego MF 22 3 (9) 2009-2010, 2011-2012, 2015-2016
40%
161 Eran Zahavi MF, FW 25 9 (2) 2009-2010, 2013-2014, 2020-2021, 2024-2025
40%
86 Éver Banega MF 48 4 (11) 2009-2010, 2013-2016, 2018-2020
40%
53 Fredy Guarín MF 30 9 (9) 2010-2011, 2012-2013, 2014-2015
40%
120 Iker Muniain MF, FW 43 6 (7) 2009-2010, 2011-2012, 2014-2018
40%
79 Jermain Defoe FW 18 11 (4) 2011-2013, 2019-2020
40%
94 Lucas Ocampos MF, FW 42 10 (4) 2015-2016, 2017-2019, 2021-2023
40%
136 Luis Muriel MF, FW 15 9 (3) 2018-2019, 2021-2022, 2023-2024
40%
47 Mislav Oršić MF, FW 30 13 (5) 2018-2019, 2020-2022
40%
119 Óscar de Marcos DF, FW 54 6 (7) 2009-2010, 2011-2012, 2014-2017, 2024-2025
40%
192 Pablo Fornals MF, FW 36 4 (7) 2017-2018, 2021-2022, 2023-2024
40%
117 Raúl García MF, FW 48 7 (6) 2009-2010, 2012-2013, 2015-2018
40%
103 Rayan Cherki MF, FW 16 6 (8) 2021-2022, 2024-2025
40%
100 Stephan El Shaarawy DF, MF, FW 50 7 (7) 2015-2016, 2020-2021, 2022-2025
40%
226 Wayne Rooney MF, FW 13 6 (4) 2011-2012, 2016-2018
40%
185 Jordan Veretout MF 45 5 (6) 2016-2017, 2019-2020, 2023-2025
33%
155 José Sosa MF 40 3 (9) 2010-2012, 2014-2015, 2019-2020, 2021-2022
33%
97 Lars Stindl MF, FW 23 8 (6) 2011-2012, 2016-2017, 2019-2020
33%
230 Leandro Paredes MF 46 4 (6) 2014-2015, 2016-2018, 2022-2025
33%
196 Mathieu Valbuena MF, FW 41 3 (8) 2009-2010, 2012-2013, 2014-2015, 2016-2017, 2018-2023
33%
198 Michy Batshuayi FW 40 10 (0) 2011-2012, 2013-2014, 2015-2016, 2017-2018, 2022-2023, 2024-2025
33%
28 Óscar Cardozo FW 49 20 (1) 2009-2010, 2012-2014, 2016-2017
33%
15 Ricardo Horta MF, FW 50 14 (10) 2016-2017, 2019-2022, 2024-2025
33%
72 Sergio Canales MF, FW 36 6 (10) 2011-2012, 2013-2014, 2017-2018, 2021-2023
33%
197 Aleksei Miranchuk MF, FW 26 2 (9) 2015-2016, 2017-2018, 2021-2022, 2023-2024
27%
112 Bruno Petković MF, FW 26 9 (4) 2018-2019, 2020-2022
27%
178 Carlos Vinícius MF, FW 19 7 (4) 2019-2021, 2023-2024
27%
164 Edin Višća MF, FW 15 9 (2) 2017-2018, 2019-2020
27%
218 Jens Petter Hauge MF, FW 33 6 (4) 2020-2021, 2024-2025
27%
99 Luciano Vietto MF, FW 17 8 (6) 2014-2015, 2019-2020
27%
160 Mbwana Samatta MF, FW 27 9 (2) 2016-2017, 2018-2019, 2021-2022, 2024-2025
27%
172 Nacer Chadli MF, FW 32 7 (4) 2010-2016
27%
113 Pizzi MF, FW 19 9 (4) 2011-2012, 2018-2020, 2023-2024
27%
88 Ricky van Wolfswinkel MF, FW 41 13 (1) 2010-2012, 2014-2015, 2019-2020, 2024-2025
27%
236 Ruslan Malinovskyi MF, FW 18 4 (6) 2016-2017, 2018-2019, 2021-2022
27%
233 Teun Koopmeiners DF, MF 32 4 (6) 2019-2021, 2023-2024
27%
96 Vitolo MF, FW 37 8 (6) 2013-2015, 2017-2018
27%
204 Willian José FW 33 9 (1) 2017-2018, 2020-2024
27%
173 Adam Hložek MF, FW 31 7 (4) 2020-2025
20%
110 Adrián López MF, FW 32 9 (4) 2011-2012, 2015-2017
20%
38 Aleksandr Kokorin MF, FW 31 15 (4) 2014-2015, 2016-2018, 2023-2024
20%
130 Ari FW 29 10 (2) 2010-2011, 2014-2021
20%
202 Ayoub El Kaabi FW 14 10 (0) 2023-2025
20%
142 Balázs Dzsudzsák MF, FW 29 7 (5) 2009-2010, 2014-2015
20%
195 Borna Barišić DF 41 3 (8) 2018-2021, 2023-2024
20%
177 Brian Brobbey FW 22 7 (4) 2020-2021, 2022-2025
20%
64 Eduardo Salvio MF, FW 42 10 (6) 2009-2013, 2018-2019
20%
148 Fabian Frei DF, MF 34 6 (6) 2012-2013, 2016-2017, 2019-2020
20%
143 Gustav Isaksen MF, FW 24 7 (5) 2021-2022, 2024-2025
20%
35 Jeremain Lens MF, FW 57 13 (7) 2010-2014, 2016-2017, 2018-2020
20%
146 Joaquín MF, FW 47 6 (6) 2009-2010, 2013-2014, 2018-2019, 2021-2023
20%
162 Karim Bellarabi DF, MF, FW 22 9 (2) 2012-2013, 2015-2016, 2018-2023
20%
85 Kostas Fortounis MF, FW 33 6 (9) 2014-2016, 2018-2020, 2023-2024
20%
59 Markel Susaeta MF, FW 51 8 (9) 2009-2010, 2011-2012, 2014-2018
20%
214 Mohamed Elyounoussi MF, FW 18 7 (3) 2015-2016, 2019-2021
20%
118 Nicolae Stanciu MF 25 7 (6) 2014-2015, 2016-2017, 2020-2021
20%
65 Ola Toivonen MF, FW 40 10 (6) 2009-2013, 2022-2023
20%
231 Ryan Kent MF, FW 34 4 (6) 2018-2022
20%
200 Salomón Rondón FW 21 10 (0) 2012-2015
20%
220 Sofiane Feghouli MF, FW 27 6 (4) 2011-2012, 2013-2014, 2015-2016, 2018-2019, 2021-2022
20%
12 Taison MF, FW 59 14 (11) 2010-2013, 2015-2016, 2018-2020, 2024-2025
20%
199 Youssef El-Arabi FW 22 10 (0) 2019-2024
20%
167 Amine Gouiri MF, FW 20 8 (3) 2017-2018, 2020-2021, 2022-2024
13%
239 Andreas Ulmer DF 61 2 (8) 2009-2010, 2011-2012, 2013-2014, 2016-2020, 2022-2023
13%
176 Andrija Živković MF, FW 26 7 (4) 2014-2015, 2018-2019, 2020-2021, 2024-2025
13%
56 Guillaume Hoarau FW 25 15 (2) 2010-2011, 2014-2015, 2016-2017, 2019-2020
13%
44 Jonathan Soriano FW 21 15 (3) 2011-2012, 2013-2014, 2016-2017
13%
201 Luiz Adriano MF, FW 15 10 (0) 2009-2010, 2013-2014, 2017-2019
13%
163 Marco Streller FW 19 9 (2) 2009-2010, 2012-2014
13%
55 Marlos MF, FW 40 6 (12) 2011-2012, 2015-2016, 2018-2021
13%
209 Michael Gregoritsch MF, FW 15 8 (2) 2022-2024
13%
129 Raúl Bobadilla FW 15 11 (1) 2010-2011, 2012-2013, 2015-2016
13%
140 Rodrigo MF, FW 22 8 (4) 2012-2013, 2015-2016, 2018-2019
13%
122 Roman Eremenko MF 31 4 (9) 2010-2011, 2012-2013, 2018-2019
13%
228 Vieirinha DF, FW 27 5 (5) 2010-2011, 2014-2015, 2018-2019
13%
37 Viktor Tsyhankov MF, FW 33 9 (11) 2017-2020, 2022-2023
13%
225 Zoltán Gera MF 14 6 (4) 2009-2010
13%
138 Abdellah Zoubir MF, FW 41 8 (4) 2018-2020, 2022-2025
7%
60 Alan Carvalho MF, FW 18 12 (4) 2010-2011, 2013-2015
7%
157 Alejandro Pozuelo MF, FW 26 2 (10) 2013-2014, 2016-2017, 2018-2019
7%
238 Beñat Etxebarria MF 20 3 (7) 2014-2018
7%
168 Benjamin Verbič MF, FW 18 8 (3) 2016-2020
7%
27 Bibras Natkho MF, FW 53 11 (11) 2009-2013, 2017-2020
7%
224 Bobby Zamora FW 18 6 (4) 2009-2010, 2011-2012
7%
132 Dimitris Salpingidis MF, FW 35 9 (3) 2009-2011, 2013-2015
7%
219 Felipe Caicedo MF, FW 29 6 (4) 2009-2010, 2011-2012, 2017-2020
7%
179 Gökdeniz Karadeniz MF, FW 34 6 (5) 2009-2013, 2015-2016
7%
104 José Antonio Reyes MF 41 4 (10) 2009-2011, 2013-2016
7%
20 Lior Refaelov MF, FW 36 12 (11) 2011-2012, 2014-2015, 2020-2021, 2023-2024
7%
92 Marc Janko FW 25 11 (3) 2009-2011, 2013-2014, 2015-2016
7%
234 Mijat Gaćinović DF, MF, FW 29 4 (6) 2018-2020, 2023-2024
7%
215 Nicklas Bendtner FW 18 7 (3) 2014-2015, 2017-2020
7%
229 Oussama Idrissi MF, FW 21 5 (5) 2019-2020, 2022-2023
7%
159 Paulinho MF, FW 32 9 (2) 2017-2018, 2019-2020, 2022-2024
7%
183 Szabolcs Huszti MF 19 6 (5) 2010-2011, 2012-2013, 2018-2019
7%
206 Tim Matavž FW 25 9 (1) 2011-2013, 2015-2016, 2017-2018
7%
175 Václav Kadlec FW 29 7 (4) 2009-2010, 2012-2013, 2015-2017
7%
54 Valentin Stocker MF 38 7 (11) 2009-2010, 2012-2013, 2017-2018, 2019-2020
7%
165 Wilson Eduardo MF, FW 30 8 (3) 2012-2013, 2014-2017, 2019-2020
7%
208 Yevhen Seleznyov FW 29 8 (2) 2012-2015, 2018-2019
7%
222 Aleksandr Bukharov FW 19 6 (4) 2009-2010, 2012-2013, 2016-2017
0%
74 Bořek Dočkal MF, FW 38 4 (12) 2012-2013, 2014-2016, 2020-2022
0%
91 Claudiu Keșerü FW 28 11 (3) 2014-2015, 2016-2021
0%
139 Cleiton Xavier MF 27 8 (4) 2010-2012, 2014-2015
0%
207 Dame N'Doye FW 23 9 (1) 2009-2010, 2011-2012, 2018-2020
0%
235 Dani Quintana MF, FW 19 4 (6) 2015-2016, 2018-2020
0%
77 David Lafata FW 23 12 (3) 2012-2013, 2014-2017
0%
221 Dieumerci Mbokani FW 25 6 (4) 2009-2010, 2011-2012, 2013-2014, 2017-2018, 2020-2021
0%
211 Frank Acheampong DF, FW 23 7 (3) 2014-2017
0%
169 Fredy Montero FW 17 8 (3) 2014-2015, 2017-2019
0%
58 Giuliano de Paula MF, FW 20 9 (8) 2012-2013, 2016-2017
0%
205 Igor de Camargo MF, FW 27 9 (1) 2009-2010, 2012-2014, 2016-2017
0%
151 Jonathan Legear MF 14 6 (6) 2009-2010, 2016-2017
0%
46 Júnior Moraes MF, FW 22 14 (4) 2017-2021
0%
203 Koka FW 40 9 (1) 2014-2021
0%
227 Kris Commons MF, FW 12 6 (4) 2011-2012, 2014-2016
0%
174 Ladislav Krejčí DF, MF, FW 31 7 (4) 2012-2013, 2014-2015, 2020-2022
0%
133 Lima FW 32 9 (3) 2010-2014
0%
189 Magnus Wolff Eikrem MF, FW 19 5 (6) 2012-2013, 2020-2021, 2023-2024
0%
212 Marko Dević MF, FW 23 7 (3) 2010-2011, 2015-2017
0%
144 Markus Rosenberg FW 20 7 (5) 2009-2010, 2018-2020
0%
154 M'barek Boussoufa MF 23 4 (8) 2009-2010, 2012-2013
0%
213 Michael Liendl MF, FW 20 7 (3) 2009-2010, 2011-2012, 2019-2021
0%
48 Oleh Husyev DF, MF 35 12 (6) 2010-2014, 2017-2018
0%
216 Pierre-Alain Frau MF, FW 16 7 (3) 2009-2011
0%
75 Raul Rusescu MF, FW 30 15 (0) 2009-2010, 2011-2014, 2016-2017
0%
181 Roman Zozulya FW 29 6 (5) 2010-2011, 2012-2016
0%
171 Rúben Micael MF 12 8 (3) 2009-2011
0%
186 Ruslan Rotan MF 34 5 (6) 2012-2015, 2017-2018
0%
90 Stefanos Athanasiadis FW 35 11 (3) 2010-2011, 2013-2017
0%
193 Stefan Schwab MF 33 4 (7) 2015-2016, 2018-2019, 2020-2021, 2024-2025
0%
43 Vitaliy Buyalskyi MF, FW 41 8 (11) 2014-2015, 2017-2020, 2022-2023, 2024-2025
0%
No matching quizzes found
Score Distribution
Percent of People with Each Score
Percentile by Number Answered
Your Score History
You have not taken this quiz